000 02286cam a22004094a 4500
001 16971970
003 ARRUPE
005 20140910163651.0
008 110922s2012 miu b 001 0 eng
010 _a 2011039196
020 _a9780801039829 (pbk.)
020 _a0801039827 (pbk.)
035 _a(OCoLC)ocn729346778
040 _aDLC
_beng
_cDLC
_dBTCTA
_dBDX
_dDTM
_dDLC
043 _an-us---
050 0 0 _aBT83.595
_b.L58 2012
082 0 0 _a230.092/273
_223
100 _aLindbeck, George A.
_911248
245 0 0 _aPostliberal theology and the church catholic :
_bconversations with George Lindbeck, David Burrell, and Stanley Hauerwas /
_cedited by John W. Wright.
260 _aGrand Rapids, Mich :
_bBaker Academic,
_cc2012.
300 _axi, 159 p. ;
_c22 cm.
504 _aIncludes bibliographical references and index.
505 0 _aIntroduction: Back to the future -- The silent shifting of tectonic plates -- "I pray that they might be one as we are one" : an interview with George Lindbeck -- "In the beginning, God created the heavens and the earth" : an interview with David Burrell -- "Blessed be the peacemakers, for they shall see God" : an interview with Stanley Hauerwas -- Israel, judgment, and the future of the church catholic : a dialogue among friends -- Conclusion: The appeal of witnesses.
520 _aHow does postliberalism relate to Roman Catholic theology? More specifically, how reliant is postliberalism on what happened at Vatican II? This work examines the Roman Catholic roots of postliberal theology, centering on conversations with three of the most important North American theologians in the last half of the twentieth century.
600 1 0 _aBurrell, David B.
_vInterviews.
_911249
600 1 0 _aHauerwas, Stanley,
_d1940-
_vInterviews.
_911250
650 0 _aPostliberal theology.
_911251
650 0 _aChurch
_xUnity.
_95032
650 0 _aTheologians
_zUnited States
_vInterviews.
_911252
700 1 _aLindbeck, George A.
_911253
700 1 _aBurrell, David B.
_91317
700 1 _aHauerwas, Stanley,
_d1940-
_96352
700 1 _aWright, John W.
_911254
906 _a7
_bcbc
_corignew
_d1
_eecip
_f20
_gy-gencatlg
942 _2lcc
_cMONOGRAPH
999 _c120834
_d120834